| 000 | 00853nam a22002897a 4500 | ||
|---|---|---|---|
| 001 | BR8108378 | ||
| 003 | BR-BrBNA | ||
| 005 | 20230928091151.0 | ||
| 007 | ta | ||
| 008 | 230509b bl.||||| |||| 00| 0 por d | ||
| 040 |
_aBR-BrBNA _bpor _cBiblioteca Nacional de Agricultura |
||
| 041 | _a(Por) | ||
| 072 |
_aF60; C00 _b1850 _b3575 _b/G514 |
||
| 090 | _ 1850 BR8108378 | ||
| 100 | 1 | _aTakazaki, P.E. | |
| 110 | 1 | _aCentro Nacional de Pesquisa de Hortalicas, Brasilia, DF (Brasil) | |
| 245 | 1 | _a1. Curso de producao e tecnologia de sementes de hortalicas. Producao de sementes de tomate [Brasil] | |
| 260 | 3 |
_aBrasil, DF (Brasil): _c1981. |
|
| 300 | _a3 p. | ||
| 650 | _aTOMATE | ||
| 650 | _aSEMENTE | ||
| 650 | _aREPRODUCAO VEGETAL | ||
| 650 | _aFISIOLOGIA VEGETAL | ||
| 650 | _aCURSO | ||
| 909 |
_a202309 _bLucia _c55 _dLucia Elande |
||
| 942 | _cBK | ||
| 999 |
_c32593 _d32593 |
||